শান্তিবাহিনী গেরিলা জীবন / (Record no. 14495)
[ view plain ]
| 000 -LEADER | |
|---|---|
| fixed length control field | 00934nam a22002417a 4500 |
| 001 - CONTROL NUMBER | |
| JCCL Control Number | 14495 |
| 003 - CONTROL NUMBER IDENTIFIER | |
| JCCL marc code | BD-JhCC |
| 005 - DATE AND TIME OF LATEST TRANSACTION | |
| control field | 20251220093330.0 |
| 008 - FIXED-LENGTH DATA ELEMENTS--GENERAL INFORMATION | |
| fixed length control field | 251215b |||||||| |||| 00| 0 eng d |
| 020 ## - INTERNATIONAL STANDARD BOOK NUMBER | |
| International Standard Book Number | 9844581990 |
| 035 ## - SYSTEM CONTROL NUMBER | |
| system control number | (BD-JhCC)14495 |
| 040 ## - CATALOGING SOURCE | |
| Original cataloging agency | BD-JhCC |
| Modifying agency | BD-JhCC |
| 041 ## - LANGUAGE CODE | |
| Language code of Book | বাংলা |
| 082 ## - DEWEY DECIMAL CLASSIFICATION NUMBER | |
| DDC Edition number | 23 |
| Classification number | 355.425 |
| Author mark and Year | MOR 2024 |
| 100 ## - MAIN ENTRY--PERSONAL NAME | |
| Personal name | মোর্তোজা, গোলাম |
| 245 ## - TITLE STATEMENT | |
| Title | শান্তিবাহিনী গেরিলা জীবন / |
| Statement of responsibility, etc | গোলাম মোর্তোজা |
| 246 ## - VARYING FORM OF TITLE | |
| Title proper/short title | Shantibahini Guerrilla Jeebon |
| 260 ## - PUBLICATION, DISTRIBUTION, ETC. (IMPRINT) | |
| Place of publication, distribution, etc | ঢাকাঃ |
| Name of publisher, distributor, etc | সময় প্রকাশন |
| Date of publication, distribution, etc | ২০২৪ |
| 300 ## - PHYSICAL DESCRIPTION | |
| Pagination | ২০০ পৃ.; |
| Other physical details | চিত্রাবলী সংযোজিত, |
| Dimensions | ২২ সেমি. |
| Accompanying material | পেপার বাইন্ডিং |
| 650 ## - SUBJECT ADDED ENTRY--TOPICAL TERM | |
| Topical term or geographic name as entry element | গেরিলা জীবন - শান্তিবাহিনী |
| 942 ## - ADDED ENTRY ELEMENTS (KOHA) | |
| Source of classification or shelving scheme | Dewey Decimal Classification |
| Koha item type | Books |
| Source of classification or shelving scheme | Damaged status | Not for loan | Collection code | Home library | Current library | Shelving location | Date of accession | Cost, normal purchase price | Full call number | Barcode | Date last seen | Copy number | Method of acquisition | Koha item type | Currency |
|---|---|---|---|---|---|---|---|---|---|---|---|---|---|---|---|
| Dewey Decimal Classification | Non-fiction | JCC Rouf Library | JCC Rouf Library | General Stacks | 12/18/2025 | 437.00 | 355.425 MOR 2024 | 20347 | 12/15/2025 | C-1 | Purchase | Books | BDT | ||
| Dewey Decimal Classification | Non-fiction | JCC Rouf Library | JCC Rouf Library | General Stacks | 12/18/2025 | 437.00 | 355.425 MOR 2024 | 20348 | 12/15/2025 | C-2 | Purchase | Books | BDT |